| 000 | 01156nam a22003497a 4500 | ||
|---|---|---|---|
| 003 | CHAP | ||
| 005 | 20220329143322.0 | ||
| 008 | 080610s2005 co a r 00010 spa d | ||
| 010 | _a94907 | ||
| 011 | _a95879 | ||
| 020 | _a9586558037 | ||
| 035 | _a106512 | ||
| 040 | _cCHAP | ||
| 082 | 0 | 4 |
_a581.634 _bB57 |
| 100 | 1 |
_aBlair Trujillo, Silvia _913023 |
|
| 245 | 1 | 0 |
_aPlantas antimaláricas de Tumaco : _bcosta pacífica colombiana _c/por Silvia Blair y Beatriz Madrigal |
| 260 |
_aMedellín : _bUniversidad de Antioquia, _c2005 |
||
| 300 |
_axx, 347 p. : _bilus. |
||
| 490 | _aCiencia y Tecnología | ||
| 590 |
_aBATCH-UPD _b10 _c20130110 _lUCH01 _h1133 |
||
| 590 |
_aBATCH-UPD _b10 _c20130410 _lUCH01 _h0722 |
||
| 590 |
_aBATCH-UPD _b10 _c20130914 _lUCH01 _h0742 |
||
| 590 |
_aCONVERSION _b10 _c20130109 _lUCH01 _h1352 |
||
| 650 | 1 | 4 |
_aBotánica médica. _914680 |
| 650 | 1 | 4 |
_aEtnobotánica _xColombia. _938618 |
| 650 | 1 | 4 |
_aMalaria. _969993 |
| 700 | 1 |
_aMadrigal Calle, Beatriz _969724 |
|
| 830 | 0 |
_aCiencia y Tecnología _923158 |
|
| 901 | _aBK | ||
| 942 | _cLIBRO | ||
| 949 |
_a581.634 B57 _bBC _cLIBRO _d33724002051446 _eLIBRO _gDonaciØn _h109582 _i106512 _sb |
||
| 999 |
_c94907 _d94907 |
||